000 01688cad a22002655a 4500
001 E147579
008 090526s2009 xxk f 000 0 eng d
020 _a9781842195109
035 _a(Sirsi) u147579
041 0 _aeng
050 0 4 _a306.1 $2 18
100 1 _aLevin, Eric J.
245 0 2 _aA regional house price model of excess demand for housing
_h[electronic resource]
260 _aLondon
_bRICS
_c2009
490 0 _aRICS Research
505 2 _aAbout the authors -- Foreword -- Summary and overview: the problem; the source of the problem; the empirical model -- The insights: introduction; background to the study; intuitive introduction to the model -- Theoretical model: short run equilibrium; long run equilibrium -- Empirical model: data; results; results for "The North" for 1994q4 to 2008q2 -- Conclusions -- References
520 _aPresents the results of research into new ways of using the data from the RICS Housing Market Survey, which has been published since 1978. This report looks at ways of combining data from the RICS Housing Market Survey on stocks of unsold properties with house price indices produced by the Nationwide. The aim was to assess the possibility of creating a new house price model which would incorporate the effect of changing demand firstly on observed prices and then on equilibrium prices for housing.
521 _aAdvanced
590 _aKA
651 4 _aGreat Britain
_y1707-
690 _aPROPERTY-RESIDENTIAL PROPERTY-RESIDENTIAL PROPERTY MARKET
700 1 _aPryce, Gwilym
856 4 0 _uhttps://www.rics.org/RICSWEB/getpage.aspx?p=Y_92KmrIRke3m_2WxVmnrw
_zView the research free of charge at www.rics.org...
942 _n0
999 _c109631
_d109631